000 00644nam a2200241Ia 4500
003 OSt
005 20220912151842.0
006 a|||||r|||| 00| 0
007 ta
008 220909b |||||||| |||| 00| 0 eng d
024 _a33840
037 _cTextual
040 _aCSL
_beng
_cCSL
041 _aeng
082 _aY31:1.44, M2
100 _aMcCall Grant
245 0 _aDharma dynamic:a strategy for anthropology in the Indian village
260 _aNew Delhi
_b Cosmo
_c1980
300 _a136p.
_ccm.
650 _aRural sociology
942 _hY31:1.44, M2
_cTEXL
_2CC
999 _c76057
_d76057